000 01055nam a2200265Ia 4500
003 OSt
005 20220923211158.0
006 a|||||r|||| 00| 0
007 ta
008 220922b |||||||| |||| 00| 0 hin d
020 _a818812219X (hbk)
_c280
024 _a252,815
037 _b487, 21/02/2011, Eastern Book Linkers
_cTextual
040 _aARTS
_cARTS
_bhin
041 _2hin
_ahin
082 _aO152,1(Delta):g(Y), P9
100 _aगोपेश्वर सिंह, संपा.
_9159205
245 0 _aभक्ति आंदोलन के सामाजिक आधार
246 _aBhakti āandolan ke sāmājik ādhāra
260 _aनयी दिल्ली
_b भारतीय प्रकाशन संस्थान
_c2009
300 _a143पृ.
_ccm.
650 _aहिन्दी साहित्य
_9156264
942 _hO152,1(Delta):g(Y), P9
_cTEXL
_2CC
999 _c296400
_d296400